La enseñanza superior en Castilla y León (Record no. 59500)

MARC details
000 -LEADER
campo de control de longitud fija 00525nam a2200145 i 4500
001 - NÚMERO DE CONTROL
campo de control 59500
003 - IDENTIFICADOR DE NÚMERO DE CONTROL
campo de control ES-MaACL
007 - CAMPO FIJO DE DESCRIPCIÓN FÍSICA--INFORMACIÓN GENERAL
campo de control de longitud fija t|
008 - DATOS DE LONGITUD FIJA--INFORMACIÓN GENERAL
campo de control de longitud fija 031029s1983 sp ||||1| spa d
245 03 - MENCIÓN DEL TÍTULO
Título La enseñanza superior en Castilla y León
Resto del título : (1940-1980) /
Mención de responsabilidad, etc. Agustín Escolano Benito ... [et al.].
260 ## - PUBLICACIÓN, DISTRIBUCIÓN, ETC.
Lugar de publicación, distribución, etc. Salamanca :
Nombre del editor, distribuidor, etc. Universidad de Salamanca. Instituto de Ciencias de la Educación,
Fecha de publicación, distribución, etc. 1983.
300 ## - DESCRIPCIÓN FÍSICA
Extensión 219 p., 1 map. pleg. ;
Dimensiones 2 cm.
700 1# - ENTRADA AGREGADA--NOMBRE PERSONAL
Nombre de persona Escolano Benito, Agustín.
9 (RLIN) 47597
852 ## - LOCALIZACIÓN
Ubicación ES-MaACL
Número de control de estantería L-4462
Sublocalización o colección R.105276
Holdings
Estatus retirado Estado de pérdida Estado de daño No para préstamo Biblioteca de origen Biblioteca actual Ubicación en estantería Fecha de adquisición Fuente de adquisición Total de préstamos Signatura topográfica completa Código de barras Visto por última vez Precio de reemplazo Tipo de ítem Koha
        Biblioteca del Ateneo de Madrid Biblioteca del Ateneo de Madrid Depósito 2 17/01/2008     L-4462 1062407 23/02/2023 23/02/2023 Libro impreso